000 00327nam a2200145Ia 4500
008 230718s9999 xx 000 0 und d
041 _aEng.
082 _a954.91
_bAMJ-A
100 _aAmjad shakeel
245 0 _aAngrazoo ki Angrazi
260 _aPakistan
_bUrdu bazar
_c2015
300 _a255
650 _aLaw
999 _c31629
_d31629